Team Fortress 2 Trivia - Statistics

General Stats
  • This quiz has been taken 68 times
  • The average score is 12 of 22
Answer Stats
Hint Answer % Correct
What year did the game release? 2007
90%
The game released as a part of what game bundle? The Orange Box
88%
How many days does Ms. Pauling get off per year? 1
82%
What should you not, under absolutely NO circumstances, teleport? Bread
82%
How old is Scout? 27
78%
What is the metal that can expand lifespans and give superhuman strength to those exposed to it? Australium
76%
What is the name of Medic's beloved dove? Archimedes
74%
Pyro's mask transports them to a sugary sweet wonderland called what? Pyroland
68%
TF2 was originally a mod for what game? Quake
68%
After "Meet the Spy" was released, Sniper's in-game model was updated to have what? A Scar
64%
Likewise, what does BLU stand for Builders League United
64%
What state does the game take place in? New Mexico
58%
At one point, there was going to be a 10th class; what was it? The Civilian
58%
What is Engineer's real name? Dell Conagher
54%
What does RED stand for? Reliable Excavation Demolition
40%
What are the names of Heavy's three sisters? Zhanna
34%
How much does Spy's suit cost? $10,000
24%
How did Demoman lose his eye? He was Cursed
18%
Soldier loves all of his raccoons, but what did he name his favorite? Lieutenant Bites
18%
The process of vote-kicking a player uses sound cues from what song? The Art of War
14%
Bronislava
12%
Yana
8%
No matching quizzes found
Score Distribution
Percent of People with Each Score
Percentile by Number Answered
Your Score History
You have not taken this quiz